000 00557nam a2200205Ia 4500
003 OSt
005 20250805111231.0
008 210210b2002 xxu||||| |||| 00| 0 eng d
020 _a81 87731 36 2
040 _cAL
041 _aKannada
082 _aK894.3 BALH
100 _aBALASAHEBA LOKAPURA.
_dಬಾಳಾಸಾಹೇಬ ಲೋಕಾಪುರ
_9233915
245 _aHutta.
_bಹುತ್ತ
260 _aBallari.
_bLohiya Prakashana.,
_c2002
300 _axviii,182
690 _aKannada Fiction
_9233916
906 _a057330
942 _2ddc
_cBK
999 _c105020
_d105020